Arquitectura italiana del Barroco al Rococó /
Gorde:
| Egile nagusia: | |
|---|---|
| Formatua: | Liburua |
| Hizkuntza: | gaztelania |
| Argitaratua: |
Madrid, España :
Alianza,
1990, c1990
|
| Saila: | (Alianza Forma ;
97) |
| Gaiak: | |
| Etiketak: |
Etiketarik gabe, Izan zaitez lehena erregistro honi etiketa jartzen!
|
MARC
| LEADER | 00000nam^a2200000^a^4500 | ||
|---|---|---|---|
| 001 | 000136778 | ||
| 005 | 20250521000000.0 | ||
| 009 | 20260310095329.882 | ||
| 020 | |a 84-206-7097-9 | ||
| 037 | |a Acervo ITESO - Biblioteca | ||
| 041 | |a ESP | ||
| 082 | |a 720. 94507 |b VAR | ||
| 100 | |a Varriano, John |e (autor) | ||
| 245 | 1 | 0 | |a Arquitectura italiana del Barroco al Rococó / |c J. Varriano ; tr. por Leticia Cabañas. |
| 264 | 4 | |a Madrid, España : |b Alianza, |c 1990, c1990 | |
| 300 | |a 317 p. | ||
| 336 | |a texto |b txt |2 rdacontenido | ||
| 337 | |a sin mediación |b n |2 rdamedio | ||
| 338 | |a volumen |b nc |2 rdasoporte | ||
| 440 | 1 | |a (Alianza Forma ; |v 97) | |
| 500 | |a Traducción de: Italian Baroque and Rococo Architecture | ||
| 649 | |a XX | ||
| 650 | |a Arquitectos Italianos | ||
| 650 | |a Escultores Italianos | ||
| 650 | |a Artistas Italianos | ||
| 650 | |a Arquitectura Barroca - |z Italia - |x Historia y Crítica | ||
| 650 | |a Arquitectura Rococó - |z Italia - |x Historia y Crítica | ||
| 650 | |a Arquitectura Religiosa - |z Italia - |x Historia y Crítica | ||
| 650 | |a Arquitectura Italiana - |x Historia - |y Siglo XVII | ||
| 650 | |a Arquitectura Italiana - |x Historia y Crítica | ||
| 650 | |a Arte Barroco - |z Italia - |x Historia y Crítica | ||
| 650 | |a Arte Rococó - |z Italia - |x Historia y Crítica | ||
| 650 | |a Arte Religioso - |z Italia - |x Historia y Crítica | ||
| 650 | |a Arte Italiano - |x Historia y Crítica | ||
| 650 | |a Bernini, Giovanni Lorenzo | ||
| 600 | |a Borromini | ||
| 600 | |a Cortona, Pietro da | ||
| 910 | |a Fondo General | ||
| 920 | |a Impresos - Libros | ||
| 930 | |a Colección General | ||
| 905 | |a 101 | ||
| 901 | |a 0500065476 |b IT1 |c ACC |u 20250521 | ||
| 902 | |a https://opac.biblio.iteso.mx/vufind/Record/000136778 | ||